MDQL
is popping MORE tags! Check the
thread
!
Quizzes
Events
Quiz Creation
Community
Videos
Private Events
Remove Ads
Sign In
Join for FREE
Feedback
Dark Mode
Quiz Categories
Sports
Geography
Music
Movies
Television
Just For Fun
Miscellaneous
History
Literature
Language
Science
Gaming
Entertainment
Religion
Holiday
For Kids
Quiz Lab
Recent
Popular Today
Quiz Kudos Today
Editor Picks
Curator Picks
Quizzes by...
Day
Popularity
Type
Ratings
Length
Year
Community
Subscriptions
Recent Discussions
Orange Saloon
Badges
Playlists
Quests
Create
Leaderboards
Showdown
Live 5
Trivia Bingo
Activity
Puzzle Library
Sporcle Events
Private Events
Virtual Trivia
Globe League
Become a Host
Pub Owners
SporcleCon
Opinionation
Our Games
Videos
Blog
Mobile Apps
Partnerships
Remove Ads and Go Orange
Feedback
Literature
Harry Potter
A Song of Ice and Fire
The Hunger Games
Literary Character
Shakespeare
Book
Author
Novel
Poem
Young Adult
Children's Books
Play
Lord of the Rings
Literature
Harry Potter
A Song of Ice and Fire
The Hunger Games
Literary Character
Shakespeare
Book
Author
Novel
Poem
Young Adult
Children's Books
Play
Lord of the Rings
Random Quiz
Search Sporcle
×
Quiz Lab
Quiz Lab
Literature
Numbers
Type in answers that appear in a list
Type in answers that appear in a list
Classic
Best Score? Go Orange.
Narnia By the Numbers Stats
Can you name the answers that fit into each numbered category regarding the fictional world of Narnia?
By
zadamssquared
10m
55 Questions
77 Plays
77 Plays
77 Plays
Comments
Comments
Give Quiz Kudos
Give Quiz Kudos
-
- Ratings
hide this ad
Replay
Link that replays current quiz
Next Quiz
Link to next quiz in quiz playlist
You Got
0%
They Got
Avg Score
45%
Avg Friend Score
Upgrade to see
Score Distribution
Jump to the score distribution portion of the page
Score
0/55
Timer
10:00
0
Plays Today
Hint
Answer
% Correct
4 Penvensie Siblings
Peter
89.6%
4 Penvensie Siblings
Susan
88.3%
4 Penvensie Siblings
Edmund
88.3%
4 Penvensie Siblings
Lucy
88.3%
7 Books
The Lion, the Witch and the Wardrobe
85.7%
7 Books
Prince Caspian
84.4%
6 Original People/
Creatures in Narnia
Strawberry the Horse\Fledge
84.4%
2 Humans who rescue Prince Rilian
Jill Pole
83.1%
7 Books
The Silver Chair
81.8%
7 Books
The Horse and his Boy
81.8%
2 Humans who rescue Prince Rilian
Eustace Clarence Scrubb
81.8%
7 Books
The Voyage of the Dawn Treader
80.5%
7 Books
The Magician's Nephew
80.5%
7 Books
The Last Battle
80.5%
1 Leader of the Talking Mice
Reepicheep
80.5%
6 Original People/
Creatures in Narnia
Digory Kirke
71.4%
6 Original People/
Creatures in Narnia
Queen Jadis of Charn
71.4%
6 Original People/
Creatures in Narnia
Polly Plummer
70.1%
10 Self-
Governing States
Narnia
67.5%
10 Self-
Governing States
Archenland
64.9%
8 Known Kings and Queens of Archenland
King Cor
64.9%
6 Original People/
Creatures in Narnia
Uncle Andrew Ketterley
62.3%
6 Original People/
Creatures in Narnia
Cabby\King Frank
61%
8 Known Kings and Queens of Archenland
Ram the Great
58.4%
10 Self-
Governing States
Calormen
54.5%
5 Known Stars/
Part-
Stars
Ramandu
54.5%
8 Known Kings and Queens of Archenland
King Lune
48.1%
10 Self-
Governing States
Telmar
40.3%
Hint
Answer
% Correct
8 Known Kings and Queens of Archenland
Queen Aravis
40.3%
5 Known Stars/
Part-
Stars
Lilliandil
35.1%
5 Known Stars/
Part-
Stars
Coriakin
32.5%
10 Self-
Governing States
Ettinsmoor
28.6%
3 Lone Islands
Felimath
26%
3 Lone Islands
Doorn
24.7%
8 Known Kings and Queens of Archenland
KingCol
22.1%
3 Lone Islands
Avra
22.1%
5 Known Stars/
Part-
Stars
Alambil
18.2%
9 Members of 'The Gang' at Experiment House
Adela Pennyfather
16.9%
5 Known Stars/
Part-
Stars
Tarva
16.9%
10 Self-
Governing States
Bism
15.6%
9 Members of 'The Gang' at Experiment House
Edith Jackle
15.6%
8 Known Kings and Queens of Archenland
King Nain
15.6%
10 Self-
Governing States
Terebinthia
14.3%
10 Self-
Governing States
Underland
14.3%
9 Members of 'The Gang' at Experiment House
Carter
14.3%
9 Members of 'The Gang' at Experiment House
Garrett Twins
13%
9 Members of 'The Gang' at Experiment House
Garrett Twins
13%
9 Members of 'The Gang' at Experiment House
Edith Winterblott
13%
8 Known Kings and Queens of Archenland
King Olvin
13%
8 Known Kings and Queens of Archenland
Lady Liln
11.7%
10 Self-
Governing States
The Western Wild
10.4%
9 Members of 'The Gang' at Experiment House
Cholmondeley Major
10.4%
9 Members of 'The Gang' at Experiment House
Big Bannister
10.4%
9 Members of 'The Gang' at Experiment House
'Spotty' Sorner
7.8%
10 Self-
Governing States
The Wild Lands of the North
5.2%
Quiz Playlist
Details
Report
Send in Message
Add To Playlist
Classic:
Type in answers that appear in a list
Quiz Source
Last Updated: Feb 16, 2017
Quiz Scoreboard
CHALLENGE
Sign Up to Join the Scoreboard
Show All
Scores
Hide
Comments
May contain spoilers
Recently Published
Two Season TV Shows II
by 123Four
Television
10m
Image Sorting: Flags VI
by Barbecue
Geography
2m
Find the 'City' Movie
by crazypaving
Movies
60s
More to Explore
Quiz From the Vault
Featured Blog Post
14 Easter Pick-up Lines to Find Eggs With
hide this ad
You Might Also Like...
Tags
Numbers Quiz
Narnia Series
Today's Top Quizzes in Literature
Browse Literature
hide this ad
Today's Top Quizzes in Numbers
Browse Numbers
Top Contributed Quizzes in Literature
1
Sneaky Slytherin Logic Puzzle
2
Criteria Quiz: Harry Potter Deaths
3
Harry Potter logic puzzle: The Hogwarts Soap Opera
4
Weasley Family Reunion: Logic Puzzle
5
Get The Picture: Black or White Literature
6
'Middle' Earth
7
Harry Potter Slytherin Logic Puzzle
8
Logic Puzzle: Avoid Dumbledore's Army
9
ASOIAF Siblings Logic Puzzle
10
The Men of ASOIAF - Logic Puzzle (Hard)
Explore More
Trending Topics
Kpop
Crossword
Marvel
NBA
Harry Potter
Anime
Disney
Pokémon
NFL
Song
Country
Soccer
The Office
Puzzle
WWE
hide this ad
More By:
zadamssquared
Quiz
Plays
Rating
Category
Featured
Created
Quick Pick: Older Than Dirt
11,178
4.21
Just For Fun
Jul 20, 2016
Word Ladder: Live Más
9,027
4.52
Just For Fun
Jul 21, 2016
Quick Pick: English and French Letters
3,645
3.75
Just For Fun
Aug 24, 2016
1/3 Ratio Blitz
3,206
4.00
Science
Jul 19, 2016
Quick Pick: CIA Factbook Regions
2,995
4.28
Just For Fun
Jul 22, 2016
Go to Creator's Profile
Score Distribution
Quiz Creator Spotlight
zadamssquared
Follow
Send a Message
Quizzes Created
-
Created Quiz Play Count
-
More By This Creator
Popular Quizzes Today
1
Find the US States - No Outlines Minefield
2
Colored Red Africa Blitz
3
Find the 'City' Movie
4
5x2 Blitz: Bands
5
The Countries of the World
6
Find the Countries of Europe - No Outlines Minefield
7
Find the US States
8
US States
More Literature Quizzes
Pick 3 Books
Published
Trending Quizzes
Colored Red Europe Blitz I
Colored Red Africa Blitz II
Colored Red Europe Blitz II
Colored Red Europe Blitz III
Colored Red Africa Blitz III
Recently Updated
How Do You Spell That?
pecheneg
Godzilla Movies
pecheneg
Grab Bag: 4-10 Letters
pecheneg
2024 March Madness Bracket
pecheneg
Famous TV Couples
Peacemaker
Champions League XIs: Real Madrid
pecheneg
Largest US Cities 1790-2010
pecheneg
Rides in Walt Disney World
pecheneg
Most Oscar Losses (Acting)
pecheneg
Beyoncé Albums
pecheneg
Trending Topics
Marvel
NBA
Crossword
Anime
Kpop
Harry Potter
Disney
Country
Pokémon
Puzzle
The Office
WWE
NFL
Soccer
Song
Your Account Isn't Verified!
In order to create a playlist on Sporcle, you need to verify the email address you used during registration. Go to your
Sporcle Settings
to finish the process.
Report this User
Report this user for behavior that violates our
Community Guidelines
.
Details:
Send Report
Go to the Sporcle.com Mobile Site →
Comments